Jose Rizal : (Record no. 358445)
[ view plain ]
| 000 -LEADER | |
|---|---|
| fixed length control field | 00531nam a2200145Ia 4500 |
| 008 - FIXED-LENGTH DATA ELEMENTS--GENERAL INFORMATION | |
| fixed length control field | 180901s9999 xx 000 0 und d |
| 020 ## - INTERNATIONAL STANDARD BOOK NUMBER | |
| International Standard Book Number | 9789719800934 |
| 100 ## - MAIN ENTRY--PERSONAL NAME | |
| Personal name | Pasigui,Ronnie E. |
| 245 ## - TITLE STATEMENT | |
| Statement of responsibility, etc | Ronnie Espergal Pasigui, Danilo Hipolito Cabalu.-- |
| Title | Jose Rizal : |
| Remainder of title | the man and the hero : chronicles,legacies and controversies / |
| 250 ## - EDITION STATEMENT | |
| Edition statement | 2nd ed |
| 260 ## - PUBLICATION, DISTRIBUTION, ETC. (IMPRINT) | |
| Place of publication, distribution, etc | Philippines : |
| Name of publisher, distributor, etc | C & E Publishing |
| Date of publication, distribution, etc | 2014 |
| 300 ## - PHYSICAL DESCRIPTION | |
| Extent | xiv, 366 pages : |
| Dimensions | 22 cm. |
| 650 ## - SUBJECT ADDED ENTRY--TOPICAL TERM | |
| Topical term or geographic name as entry element | Philippines -- History -- 18-12-1898. |
| 650 ## - SUBJECT ADDED ENTRY--TOPICAL TERM | |
| Topical term or geographic name as entry element | Rizal, Jose, 1861-1896. |
| Withdrawn status | Lost status | Damaged status | Home library | Current library | Shelving location | Date acquired | Source of acquisition | Total Checkouts | Total Renewals | Full call number | Barcode | Date last seen | Date checked out | Price effective from | Koha item type |
|---|---|---|---|---|---|---|---|---|---|---|---|---|---|---|---|
| South SEED-LPDH College Library | South SEED-LPDH College Library | South SEED-LPDH College Section | 09/01/2018 | Library Fund | 2 | 4 | DS 675.8.R5 .P39 2014 | SSLC1698 | 08/23/2019 | 08/13/2019 | 09/01/2018 | Books |